Efecto de tres sistemas de labranza y una enmienda sobre la densidad de inoculo de Sclerotium cepivorum y el manejo de la pudricion blanca de cebolla en Costa Rica
Αποθηκεύτηκε σε:
| Κύριος συγγραφέας: | |
|---|---|
| Μορφή: | Thesis Βιβλίο |
| Γλώσσα: | Undetermined |
| Έκδοση: |
1997
|
| Θέματα: | |
| Ετικέτες: |
Προσθήκη ετικέτας
Δεν υπάρχουν, Καταχωρήστε ετικέτα πρώτοι!
|
MARC
| LEADER | 00000nam a2200000Ia 4500 | ||
|---|---|---|---|
| 001 | 8791 | ||
| 008 | 140114s9999 xx 000 0 und d | ||
| 100 | |a Mesen Vega, Rafael | ||
| 245 | |a Efecto de tres sistemas de labranza y una enmienda sobre la densidad de inoculo de Sclerotium cepivorum y el manejo de la pudricion blanca de cebolla en Costa Rica | ||
| 260 | |c 1997 | ||
| 500 | |a NULL | ||
| 502 | |a Escuela de ingenieria Agricola | ||
| 650 | |z CEBOLLA | ||
| 999 | |c 12499 |d 12499 | ||
